| 000 | 00347nam a2200133Ia 4500 | ||
|---|---|---|---|
| 100 | _aDeopujari/U P | ||
| 650 | _aAutomobiles | ||
| 942 | _cBK | ||
| 654 | _aMaharashtra Civil Services Discipline and Appeal | ||
| 245 | _aMaharashtra Civil Services Discipline and Appeal | ||
| 260 |
_bNagpur Law House _aNagpur |
||
| 300 | _a58 | ||
| 546 | _aENGLISH | ||
| 999 |
_c24847 _d24847 |
||